000 00978nam a2200241 i 4500
001 27879
003 ES-MaACL
005 20250717063021.0
007 t|
008 030115s1924 sp |||| | spa d
100 1 _aAznar, Severino,
_d1870-1959
_924307
245 1 3 _aEl coto social de previsión /
_cpor Severino Aznar Embid.
260 _aMadrid :
_b[s.n.,
_c1924] (
_fSobrinos de la Suc. de M. Minuesa de los Ríos)
300 _a34 p. ;
_c22 cm.
490 1 _aPublicaciones del Instituto Nacional de Previsión ;
_v134
530 _aDisponible en formato digital.
650 _aSeguridad social-
_zEspaña.
_917023
710 2 _aInstituto Nacional de Previsión (España)
_95180
830 0 _aPublicaciones del Instituto Nacional de Previsión ;
_v134
_9181151
852 _aES-MaACL
_j1677-F-9
856 _uhttp://bvingesa.mspsi.es/bvingesa/es/catalogo_imagenes/grupo.cmd?path=1000407
_zInstituto Nacional de Gestión Sanitaria
999 _c27879
_d27879